000 00803nam a2200205 i 4500
001 131455
003 ES-MaACL
005 20250819063100.0
007 t|
008 070214m19791985sp |||| | spa d
020 _a84-7491-004-8
100 1 _aRodríguez Adrados, Francisco,
_d1922-2020
_998318
245 1 0 _aHistoria de la fábula greco-latina /
_cFrancisco Rodríguez Adrados.
260 _aMadrid :
_bEd. de la Universidad Complutense,
_c1979-1985.
300 _a2 t. en 3 v. ;
_c21 cm.
505 8 _aContiene: T. I (v. 1-2) ;
_tIntroducción y de los orígenes a la edad helenística - T. II (v. 3) ;
_tLa fábula en época imperial romana y medieval
650 4 _aFábulas-
_yHasta S.V-
_xHistoria y crítica.
_9165066
852 _aES-MaACL
_jL-11477-79
999 _c131455
_d131455